|
|
|
|
| LEADER |
01064nam a2200241 i 4500 |
| 003 |
GR-PaULI |
| 005 |
20231026063228.0 |
| 008 |
180605s1997 gr ||||f |||| 00| 0 gre d |
| 020 |
|
|
|a 960248862X
|
| 040 |
|
|
|a GR-PaULI
|b gre
|c GR-PaULI
|e AACR2
|
| 082 |
0 |
4 |
|2 23
|a 808.205 12
|
| 100 |
1 |
|
|a Μαλεβίτσης, Χρήστος Χ.,
|d 1927-1997
|e συγγραφέας
|9 174164
|
| 245 |
1 |
2 |
|a Ο τραγικός λόγος /
|c Χρήστου Μαλεβίτση.
|
| 260 |
|
|
|a Αθήνα :
|b Δωδώνη,
|c 1997.
|
| 300 |
|
|
|a 133 σ. ;
|c 21 εκ.
|
| 600 |
1 |
4 |
|a Μινωτής, Αλέξης Σ.,
|d 1900-1990
|9 54648
|
| 600 |
0 |
0 |
|a Αριστοφάνης
|d π. 450-π. 385
|9 3575
|
| 600 |
1 |
4 |
|9 5054
|a Ibsen, Henrik,
|d 1828-1906
|
| 650 |
|
4 |
|9 169241
|a Δράμα
|x Ιστορία και κριτική, Θεωρία, κ.τ.λ.
|
| 942 |
|
|
|2 ddc
|c BK15
|
| 952 |
|
|
|0 0
|1 0
|2 ddc
|4 0
|6 808_205000000000000_12_ΜΑΛ
|7 0
|9 222788
|a THST
|b THST
|d 2018-06-05
|i 001049
|l 0
|o 808.205 12 ΜΑΛ
|p 025000255091
|r 2018-06-05 00:00:00
|t 1
|v 2018.00
|w 2018-06-05
|y BK15
|
| 998 |
|
|
|c ΜΑΝΙΑ
|d 2018-06
|
| 999 |
|
|
|c 134631
|d 134631
|